000
00272nam a2200121Ia 4500
008
190216s9999||||xx |||||||||||||| ||und||
100
_a
Abdurahiman P M
245
0
_a
Navaviyude 40 Hadissukal
260
_b
Ch Muhammed & Sons
300
_a
98p
650
_a
Arabic
942
_c
BK
999
_c
74
_d
74